Sports Quiz

Random Sports or Clickable Quiz

MLB players number Quiz Stats

 Plays Quiz not verified by Sporcle

Challenge
Share
Tweet
Embed
Score 0/31 Timer 12:00
0 Plays Today
% Correct
27
87.7%
27
86.2%
34
86.2%
27
84.6%
20
83.1%
22
81.5%
1
81.5%
13
76.9%
22
75.4%
22
72.3%
17
72.3%
24
72.3%
28
69.2%
19
69.2%
79
69.2%
44
67.7%
% Correct
28
66.2%
13
66.2%
5
66.2%
44
66.2%
12
61.5%
35
60%
50
60%
10
58.5%
40
56.9%
4
53.8%
23
52.3%
41
49.2%
41
46.2%
18
44.6%
4
36.9%

You're not logged in!

Compare scores with friends on all Sporcle quizzes.
OR
Log In

You Might Also Like...

Show Comments

Extras

Created Apr 2, 2017ReportNominate
Tags:Clickable Quiz, MLB Quiz, player

Top Quizzes Today


Score Distribution

Your Account Isn't Verified!

In order to create a playlist on Sporcle, you need to verify the email address you used during registration. Go to your Sporcle Settings to finish the process.

Report this User

Report this user for behavior that violates our Community Guidelines.

Details: